Tribhuvan University Central Library

Nepalko pariprekshama dhunga ra dhau (Record no. 69720)

MARC details
000 -LEADER
fixed length control field 00485nam a22001937a 4500
008 - FIXED-LENGTH DATA ELEMENTS--GENERAL INFORMATION
fixed length control field 000000b xxu||||| |||| 00| 0 und d
015 ## - NATIONAL BIBLIOGRAPHY NUMBER
-- NNB
020 ## - INTERNATIONAL STANDARD BOOK NUMBER
Terms of availability Rs.175.00
041 ## - LANGUAGE CODE
Language code of text/sound track or separate title Nep
082 ## - DEWEY DECIMAL CLASSIFICATION NUMBER
Classification number 553.42
Item number Pr521n
-- CS
100 ## - MAIN ENTRY--PERSONAL NAME
Personal name Pradhananga, Khagendra Kumar
245 ## - TITLE STATEMENT
Title Nepalko pariprekshama dhunga ra dhau
260 ## - PUBLICATION, DISTRIBUTION, ETC.
Place of publication, distribution, etc. Dhankuta
Name of publisher, distributor, etc. Malla Prakashan
Date of publication, distribution, etc. 2065 B.S.
300 ## - PHYSICAL DESCRIPTION
Extent 139p.
650 ## - SUBJECT ADDED ENTRY--TOPICAL TERM
Topical term or geographic name entry element Metals
650 ## - SUBJECT ADDED ENTRY--TOPICAL TERM
Topical term or geographic name entry element Precious metals
650 ## - SUBJECT ADDED ENTRY--TOPICAL TERM
Topical term or geographic name entry element Stones
942 ## - ADDED ENTRY ELEMENTS (KOHA)
Koha item type General Collections
Source of classification or shelving scheme Dewey Decimal Classification
Holdings
Withdrawn status Lost status Damaged status Not for loan Home library Current library Date acquired Total Checkouts Full call number Barcode Date last seen Price effective from Koha item type
        Tribhuvan University Central Library Tribhuvan University Central Library 04/16/2014   553.42 Pr521n G71081 04/16/2014 04/16/2014 General Collections